Border security system using RFID and GSM (Record no. 189708)

000 -LEADER
fixed length control field 00319nam a22001337a 4500
003 - CONTROL NUMBER IDENTIFIER
control field OSt
005 - DATE AND TIME OF LATEST TRANSACTION
control field 20220729214427.0
008 - FIXED-LENGTH DATA ELEMENTS--GENERAL INFORMATION
fixed length control field 220729b ||||| |||| 00| 0 eng d
040 ## - CATALOGING SOURCE
Transcribing agency AACR 2
082 ## - DEWEY DECIMAL CLASSIFICATION NUMBER
Classification number 621.381 DAR
100 ## - MAIN ENTRY--PERSONAL NAME
Personal name Darshan
9 (RLIN) 13240
245 ## - TITLE STATEMENT
Title Border security system using RFID and GSM
942 ## - ADDED ENTRY ELEMENTS (KOHA)
Source of classification or shelving scheme
Koha item type Project Reports
Holdings
Withdrawn status Lost status Source of classification or shelving scheme Damaged status Not for loan Collection code Home library Current library Date acquired Total Checkouts Full call number Date last seen Price effective from Koha item type
          Electronics and Communication Engineering Central Library Central Library 07/29/2022   621.381 DAR 07/29/2022 07/29/2022 Project Reports

Powered by Koha